ASPHALT Stone Mastic Asphalt/ (Record no. 1574)

000 -LEADER
fixed length control field 00272 a2200097 4500
082 ## - DEWEY DECIMAL CLASSIFICATION NUMBER
Classification number 625.85 DRU
100 ## - MAIN ENTRY--PERSONAL NAME
Personal name Druschner, Lothar
245 ## - TITLE STATEMENT
Title ASPHALT Stone Mastic Asphalt/
Statement of responsibility, etc. Lothar Druschner
260 ## - PUBLICATION, DISTRIBUTION, ETC.
Place of publication, distribution, etc. USA :
Name of publisher, distributor, etc. Asphalt Institute
Date of publication, distribution, etc. 2005
300 ## - PHYSICAL DESCRIPTION
Extent 31p. :
Other physical details col, ill. ;
Dimensions 20 cm
650 ## - SUBJECT ADDED ENTRY--TOPICAL TERM
Topical term or geographic name entry element Mastic Asphalt
Holdings
Withdrawn status Lost status Damaged status Not for loan Permanent Location Current Location Shelving location Total Checkouts Full call number Barcode Date last seen Price effective from Koha item type Source of classification or shelving scheme Date acquired
        Central Library (CL) Central Library (CL)     625.85 DRU NIT-1954 01/05/2017 01/05/2017 Book    
        School of Civil and Environmental Engineering (SCEE) School of Civil and Environmental Engineering (SCEE)     625.85 DRU NIT-10801 09/23/2019 09/23/2019     09/23/2019
© 2023 Central Library, National University of Sciences and Technology. All Rights Reserved.